| 000 | 00468nam a2200169Ia 4500 | ||
|---|---|---|---|
| 999 |
_c18133 _d18133 |
||
| 082 | _aTS.0711 | ||
| 100 | _aSingh, Ravindra Pratap | ||
| 245 | 0 | _aPolitical geography of erstwhile Indore State | |
| 260 |
_c1968 _bVikram University |
||
| 300 | _a243p. | ||
| 650 | _aHUMAN GEOGRAPHY///POLITICAL GEOGRAPHY | ||
| 650 | _aPOLITICAL GEOGRAPHY | ||
| 650 | _aINDORE STATE | ||
| 650 | _aPRINCELY STATES - INDIA///INDORE STATE | ||
| 710 | _aVarma, K.N. | ||
| 942 |
_cTH _2ddc |
||